000 00464nam a2200181Ia 4500
001 17526
005 20260306171524.0
008 260306s9999||||xx |||||||||||||| ||und||
041 _aESP
082 _a658.001
_bJ72
100 _aJones, Gareth R.
_eAUT
245 0 _aTeoría organizacional:
_bdiseño y cambio en las organizaciones
260 _c2013
300 _axxi, 489 páginas :
_c27 cm.
650 _aGEN
654 _aCAN
942 _cLIB
_dJUS
_fJUS
_2ddc
_n
999 _c17526
_d17526